000 00612nam a2200217Ii 4500
003 JO-AjNU
008 230606s9999||||xx |||||||||||||| ||und||
020 _a978-1-111-57127-4
040 _aJO-AjNU
_beng
_erda
_cJO-AjNU
041 _aeng
050 1 4 _aQD33.M42.2012
100 3 _aMasterton,William واخرون,
_eauthor
_94861
245 0 0 _aChemistry Principles and Reacations
250 _a7 ed
264 3 1 _aAustralia:Brooks /cole,2012
300 _a774p
336 _atext
_btxt
_2rdacontent
337 _aunmediated
_bn
_2rdamedia
338 _avolume
_bnc
_2rdacarrier
650 4 _aCHEMISTRY
_94862
999 _aE2516
_c2514
_d2514